"Atti e Documenti del V Capitolo Generale della Società san Paolo. Ariccia, 28 febbraio- 27 marzo 1986." (Record n. 36133)

Dettagli MARC
000 -LEADER
fixed length control field 01398nam a2200205Ia 4500
003 - CONTROL NUMBER IDENTIFIER
control field IT-RoPau
005 - DATE AND TIME OF LATEST TRANSACTION
control field 20220918175919.0
008 - FIXED-LENGTH DATA ELEMENTS--GENERAL INFORMATION
fixed length control field 120407s9999 xx 000 0 und d
040 ## - CATALOGING SOURCE
Original cataloging agency IT-RoPAU
Transcribing agency IT-RoPau
040 ## - CATALOGING SOURCE
Transcribing agency IT-RoPAU
041 ## - LANGUAGE CODE
Language code of text/sound track or separate title ita
245 ## - TITLE STATEMENT
Title "Atti e Documenti del V Capitolo Generale della Società san Paolo. Ariccia, 28 febbraio- 27 marzo 1986."
250 ## - EDITION STATEMENT
Edition statement Roma
260 ## - PUBLICATION, DISTRIBUTION, ETC. (IMPRINT)
Place of publication, distribution, etc. Roma
Name of publisher, distributor, etc. Casa Generalizia SSP
Date of publication, distribution, etc. 1986
300 ## - PHYSICAL DESCRIPTION
Extent 63 p.
Dimensions 21,5 cm
490 ## - SERIES STATEMENT
Series statement Pro manuscripto.
520 ## - SUMMARY, ETC.
Summary, etc. Sommario<br/><br/>Introduzione di D. Renato Perino<br/>Messaggio del Card. J. Hamer., O.P., Profetto della C.R.I.S.<br/>Programma del Capitolo<br/><br/>Parte prima<br/>Testi capitolari per l'animazione<br/>1. Approfondimento del 'quadro di riferimento' per <br/> l'evangelizzazione paolina<br/>2. Diagnosi sull'evangelizzazione paolina<br/>3. Principali sfide dell'evangelizzazione paolina<br/><br/>Seconda parte<br/>Decisione capitolari per l'azione<br/>Piano di congregazionale per il sessennio 1986-1992<br/>Prima priorità<br/>Seconda priorità<br/>Terza priorità<br/>Quarta priorità<br/><br/>Allegati<br/>Mozione capitolare circa la normativa riguardante la parità<br/>sacerdoti-discepoli (Lettera al Card.Hamer. Prefetto della<br/>C.R.I.S.<br/>Udienza Pontificia ai Capitolari:<br/>Indirizzo di saluto del Superiore genarale a S.S. Giovanni<br/>Paolo II<br/>Discorso del Papa ai Capitolari<br/>Modifiche approvate a due articoli del Direttorio <br/>
942 ## - ADDED ENTRY ELEMENTS (KOHA)
Koha item type LIBRO
Source of classification or shelving scheme Dewey Decimal Classification
Dati di copia
Withdrawn status Lost status Source of classification or shelving scheme Damaged status Not for loan Home library Current library Date acquired Total Checkouts Full call number Date last seen Price effective from Koha item type
    Dewey Decimal Classification Buone Condizioni Not For Loan PAULUS-BIBLIOTECA PAULUS-BIBLIOTECA 13/03/2013   P C4 13/03/2013 13/03/2013 LIBRO
    Dewey Decimal Classification Buone Condizioni Not For Loan PAULUS-BIBLIOTECA PAULUS-BIBLIOTECA 21/03/2013   P C4 21/03/2013 21/03/2013 LIBRO
    Dewey Decimal Classification Buone Condizioni Not For Loan PAULUS-BIBLIOTECA PAULUS-BIBLIOTECA 21/03/2013   P C4 21/03/2013 21/03/2013 LIBRO
    Dewey Decimal Classification Buone Condizioni Not For Loan PAULUS-BIBLIOTECA PAULUS-BIBLIOTECA 21/03/2013   P C4 21/03/2013 21/03/2013 LIBRO
CREDITS: SOCIETA' SAN PAOLO Via A.Severo, 58 - ROMA (RM) & PERIODICI SAN PAOLO SRL Via Giotto, 36 MILANO & CISF Via Giotto, 36 MILANO & EDIZIONI SAN PAOLO SRL,  Piazza Soncino, 5 CINISELLO BALSAMO (MI) -- ITALY